000 02806nam a2200385 a 4500
003 CHAP
005 20230512181828.0
007 ta
008 230512s2016 ck adbofr|||| 001 0 spa d
020 _a978-958-771-342-8
040 _amxchpua
_cCHAP
_erda
050 1 0 _aT60.6
_b.P35 2016
082 0 0 _a658.542
_bP35 2016
_220
100 1 _9187003
_aPalacios Acero, Luis Carlos
_eautor
245 1 0 _aIngeniería de métodos, movimientos y tiempos /
_cLuis Carlos Palacios Acero
250 _a2a edición
264 _aBogotá, Colombia :
_bECOE Ediciones,
_c2016
300 _a371 páginas :
_bilustraciones, tablas, gráficas, diagramas, mapas, fotos
336 _2rdacontent
_atexto
_btxt
337 _2rdamedia
_asin medio
_bn
338 _2rdacarrier
_avolumen
_bnc
490 1 _aIngeniería y salud en el trabajo. Ingeniería Industrial (ECOE Ediciones)
504 _aBibliografía: páginas 369-370
520 2 _aEn todo centro de trabajo, mejorar el rendimiento de los procesos para incrementar la productividad y eficiencia es una constante. Sin embargo, variables relacionadas con el equipo humano, la fabricación de productos, el clima organizacional, las instalaciones y las tecnologías utilizadas pueden afectar los procesos y, por ello, reducir los resultados esperados. Descubrir estas fuentes de ineficiencias y desperdicios con el fin de corregirlos, estandarizarlos y medirlos para contribuir al progreso empresarial es el objetivo de la ingeniería de métodos, movimientos y tiempos. Esta nueva edición consta de nueve capítulos en los que se ofrece, por medio de un lenguaje sencillo y varios apoyos visuales, un resumen histórico de la ingeniería de métodos, los métodos de producción, las herramientas técnicas para fabricar objetos, el emplazamiento de empresas, la distribución en planta, los movimientos ergonómicos adecuados en el sitio de trabajo, la medida estándar del trabajo y la administración de la ingeniería de métodos. Cada capítulo cuenta con ejercicios, talleres y casos sobre el tema. Ingeniería de métodos, movimientos y tiempos es un texto de referencia útil para estudiantes, docentes y profesionales de Ingeniería Industrial y Administración de Empresas, así como para gerentes, directores de producción y consultores interesados en rendimiento empresarial.
650 1 3 _938503
_aEstudio de movimiento
650 1 3 _938504
_aEstudio de tiempos
650 1 3 _958257
_aIngeniería industrial
650 1 3 _9154736
_aSalarios y remuneración
650 1 3 _9147129
_aMotion study
650 1 3 _9147130
_aTime study
650 1 3 _9153161
_aIndustrial engineering
650 1 3 _9154737
_aWages and remuneration
830 _9187004
_aIngeniería y salud en el trabajo. Ingeniería Industrial (ECOE Ediciones)
942 _2ddc
_cLibro
999 _c218734
_d218734